Games people play: The psychology of human relationships (Record no. 30968)

MARC details
000 -LEADER
fixed length control field 00297nam a2200109Ia 4500
082 ## - DEWEY DECIMAL CLASSIFICATION NUMBER
Classification number 159.9:793
Item number BER
100 ## - MAIN ENTRY--AUTHOR NAME
Personal name BERNE, Eric
245 #0 - TITLE STATEMENT
Title Games people play: The psychology of human relationships
260 ## - PUBLICATION, DISTRIBUTION, ETC. (IMPRINT)
Place of publication New York
Name of publisher Grove
Year of publication 1964
942 ## - ADDED ENTRY ELEMENTS (KOHA)
Koha item type Books
Holdings
Withdrawn status Lost status Damaged status Not for loan Home library Current library Date acquired Full call number Accession Number Koha item type
        RRII Library RRII Library 16/12/2021 159.9:793 BER 11523 Books